000 00290nam a22001337a 4500
008 170921b xxu||||| |||| 00| 0 eng d
020 _a2901439083450
041 _aeng
080 _26TH
_a78
100 _a45
101 _aMUZ
245 _aLISTENING TO MUSIC
_cWRIGHT,C
942 _2udc
_cBK
999 _c28697
_d28697